Polska i świat po II wojnie światowej - skróty - Statystyki

Ogólne statystyki
  • Ten quiz został rozwiązany 825 razy
    796 od ostatniego zresetowania
  • Średni wynik to 12 z 34
Statystyki odpowiedzi
Skrót Rozwinięcie % Poprawnych
AK Armia Krajowa
85%
ONZ Organizacja Narodów Zjednoczonych
81%
ZSRR Związek Socjalistycznych Republik Radzieckich
79%
PRL Polska Rzeczpospolita Ludowa
77%
RFN Republika Federalna Niemiec
75%
PSL Polskie Stronnictwo Ludowe
73%
NRD Niemiecka Republika Demokratyczna
72%
PZPR Polska Zjednoczona Partia Robotnicza
65%
SB Służba Bezpieczeństwa
48%
MO Milicja Obywatelska
45%
UB Urząd Bezpieczeństwa
45%
KC PZPR Komitet Centralny Polskiej Zjednoczonej Partii Robotniczej
44%
NATO Pakt Północnoatlantycki
44%
PPS Polska Partia Socjalistyczna
42%
KC PPR Komitet Centralny Polskiej Partii Robotniczej
35%
PKWN Polski Komitet Wyzwolenia Narodowego
29%
PGR Państwowe Gospodarstwa Rolne
27%
SL Stronnictwo Ludowe
24%
SD Stronnictwo Demokratyczne
22%
WIN Wolność i Niezawisłość
20%
KC KPZR Komitet Centralny Komunistycznej Partii Związku Radzieckiego
19%
NSZ Narodowe Siły Zbrojne
18%
TRJN Tymczasowy Rząd Jedności Narodowej
17%
NIE Niepodległość
14%
ZSL Zjednoczone Stronnictwo Ludowe
14%
ZMP Związek Młodzieży Polskiej
14%
KBW Korpus Bezpieczeństwa Wewnętrznego
7%
SED Socjalistyczna Partia Jedności
4%
CUP Centralny Urząd Planowania
3%
MDM Marszałkowska Dzielnica Mieszkaniowa
3%
NZW Narodowe Zjednoczenie Wojskowe
3%
PKPG Państwowa Komisja Planowania Gospodarczego
3%
SP Służba Polsce
3%
OEEC Organizacja Europejskiej Współpracy Gospodarczej
2%
Nie znaleziono quizów pasujących do podanych kryteriów
Rozkład punktacji
Procent ludzi z każdym wynikiem
Percentyl według liczby udzielonych odpowiedzi
Twoja historia wyników
Nie rozwiązałeś tego quizu od ostatniego zresetowania